Airbus Sprint - Statistics

General Stats
  • This quiz has been taken 30 times
  • The average score is 11 of 11
Answer Stats
Hint Answer % Correct
Airbus A318
100%
Airbus A319
100%
Airbus A320
100%
Airbus A330
100%
Airbus A380
100%
Airbus A300
96%
Airbus A310
96%
Airbus A321
96%
Airbus A340
96%
Airbus A350
96%
Airbus A220
87%
No matching quizzes found
Score Distribution
Percent of People with Each Score
Percentile by Number Answered
Your Score History
You have not taken this quiz